[Event "World Youth U16 Olympiad"]
[Site "Gyor HUN"]
[Date "2014.12.14"]
[Round "3.22"]
[Board "4"]
[White "Nabaa Sami, Abbas"]
[Black "De, Bruyn Aleida"]
[Result "1/2-1/2"]
[BlackTitle "WFM"]
[WhiteElo "1549"]
[BlackElo "1607"]
[WhiteTeam "Iraq"]
[BlackTeam "South Africa (Girls)"]
[WhiteFideId "4806255"]
[BlackFideId "14304546"]
[EventDate "2014.12.13"]

1. d4 d5 2. Nf3 e6 3. e3 f5 4. c4 c6 5. Nc3 Nf6 6. Be2 Be7 7. O-O O-O 8. b3 Ne4
9. Bb2 Nd7 10. Rc1 b6 11. Ne5 Nxe5 12. dxe5 Bb7 13. f4 Bc5 14. Rf3 Qe7 15. Na4
Rad8 16. Nxc5 Nxc5 17. Qc2 Ne4 18. cxd5 cxd5 19. Rff1 Rc8 20. Qd3 Qh4 21. g3 Qe7
22. Rfd1 Qf7 23. Rc2 Rxc2 24. Qxc2 Rc8 25. Qd3 Qg6 26. Rc1 Rxc1+ 27. Bxc1 h5 28.
Bf3 h4 29. Bxe4 fxe4 30. Qf1 hxg3 31. hxg3 Qxg3+ 32. Qg2 Qe1+ 33. Qf1 Qxf1+ 34.
Kxf1 Kh7 35. Kf2 Kh6 36. Kg3 g5 37. Kg4 gxf4 38. Kxf4 Kh5 39. Kg3 Kg5 1/2-1/2

[Event "World Youth U16 Olympiad"]
[Site "Gyor HUN"]
[Date "2014.12.14"]
[Round "3.23"]
[Board "1"]
[White "McGovern Leahy, Cian"]
[Black "Koo, Inmo"]
[Result "1-0"]
[WhiteElo "1929"]
[BlackElo "1846"]
[WhiteTeam "Ireland"]
[BlackTeam "South Korea 2"]
[WhiteFideId "2508753"]
[BlackFideId "13202863"]
[EventDate "2014.12.13"]

1. d4 d5 2. c4 c6 3. Nf3 Nf6 4. Nc3 dxc4 5. a4 Bf5 6. Ne5 e6 7. f3 Bb4 8. Nxc4
Nd5 9. Bd2 Qh4+ 10. g3 Qxd4 11. e3 Qf6 12. e4 Nxc3 13. bxc3 Bxc3 14. Rb1 Bg6 15.
Nd6+ Ke7 16. Rxb7+ Nd7 17. Nc4 Rab8 18. Rxd7+ Ke8 19. Bxc3 Qxc3+ 20. Kf2 Qf6 21.
e5 Qg5 22. f4 Qh6 23. Qd6 1-0

[Event "World Youth U16 Olympiad"]
[Site "Gyor HUN"]
[Date "2014.12.14"]
[Round "3.23"]
[Board "2"]
[White "Huh, Maximilian Romeo Eunhong"]
[Black "Higgins, Michael"]
[Result "0-1"]
[WhiteElo "1231"]
[BlackElo "1559"]
[WhiteTeam "South Korea 2"]
[BlackTeam "Ireland"]
[WhiteFideId "13203193"]
[BlackFideId "2507153"]
[EventDate "2014.12.13"]

1. e4 c5 2. Nf3 a6 3. d4 cxd4 4. Nxd4 Nf6 5. Nc3 d6 6. h3 e5 7. Nf3 Be7 8. Bd3
Nbd7 9. Be3 b5 10. a3 Bb7 11. Be2 Nxe4 12. Nxe4 Bxe4 13. O-O O-O 14. Bd3 Bxd3
15. cxd3 f5 16. g3 g5 17. Qb3+ Kh8 18. Nh2 f4 19. Bd2 Nc5 20. Qd5 Qd7 21. g4 Ne6
22. Nf3 Nc7 23. Qb3 h5 24. Nh2 Kg7 25. Bc3 hxg4 26. Nxg4 Rh8 27. Kg2 Rxh3 28. f3
Rah8 29. d4 Bf6 30. dxe5 dxe5 31. Nxe5 Rh2+ 0-1

[Event "World Youth U16 Olympiad"]
[Site "Gyor HUN"]
[Date "2014.12.14"]
[Round "3.23"]
[Board "4"]
[White "Lee, Jeeho"]
[Black "Dwyer, Daniel"]
[Result "0-1"]
[WhiteElo "1162"]
[BlackElo "1777"]
[WhiteTeam "South Korea 2"]
[BlackTeam "Ireland"]
[WhiteFideId "13203231"]
[BlackFideId "2507927"]
[EventDate "2014.12.13"]

1. e4 c5 2. Nf3 d6 3. Bb5+ Bd7 4. Bxd7+ Nxd7 5. c4 Ngf6 6. Nc3 g6 7. d4 cxd4 8.
Nxd4 Bg7 9. Be3 Rc8 10. b3 O-O 11. O-O Nc5 12. f3 Nfd7 13. Rc1 Ne5 14. Qd2 Ned3
15. Rb1 Qa5 16. b4 Nxb4 17. Nd5 Nxd5 18. Qxa5 Nxe3 19. Rfe1 Bxd4 20. Qd2 Nc2+
21. Kh1 Nxe1 22. Qxd4 Ned3 23. Rd1 Ne5 24. f4 Ne6 25. Qxa7 Nxf4 26. Qxb7 Nxc4
27. Qxe7 Rfe8 28. Qb7 Ne3 29. Rg1 Nd3 30. Rb1 Nf2+ 31. Kg1 Nxe4 32. Qb6 Nd2 33.
Re1 Ng4 34. Rd1 Re2 35. Qxd6 Rce8 36. Qg3 Ne3 37. Qf4 Nxd1 0-1

[Event "World Youth U16 Olympiad"]
[Site "Gyor HUN"]
[Date "2014.12.14"]
[Round "3.24"]
[Board "1"]
[White "Naotunna, Dineth Nimnaka"]
[Black "Lee, Jun Hyeok"]
[Result "0-1"]
[BlackTitle "FM"]
[WhiteElo "1947"]
[BlackElo "2022"]
[WhiteTeam "Sri Lanka"]
[BlackTeam "South Korea 1"]
[WhiteFideId "9919228"]
[BlackFideId "13202340"]
[EventDate "2014.12.13"]

1. d4 Nf6 2. c4 g6 3. Nc3 Bg7 4. Nf3 O-O 5. Bf4 c5 6. d5 d6 7. e4 b5 8. cxb5 Qa5
9. Nd2 a6 10. Nc4 Qd8 11. a4 Nbd7 12. Be2 Qc7 13. O-O axb5 14. axb5 Bb7 15. Qb3
Nb6 16. Nxb6 Qxb6 17. Na4 Qc7 18. b6 Qd8 19. Nc3 Nd7 20. Rxa8 Qxa8 21. Qb5 Qd8
22. Na4 f5 23. f3 h6 24. Bg3 fxe4 25. fxe4 Bd4+ 26. Kh1 Rxf1+ 27. Bxf1 Qf8 28.
Be2 Ne5 29. b4 c4 30. Bxe5 dxe5 31. Qd7 Bc8 32. Qc6 Kg7 33. Qc7 h5 34. h4 Qf6
35. g3 Be3 36. d6 Qf2 37. Qxe7+ Kh6 0-1

[Event "World Youth U16 Olympiad"]
[Site "Gyor HUN"]
[Date "2014.12.14"]
[Round "3.24"]
[Board "2"]
[White "Kwon, Sehyun"]
[Black "Kuruppu, Supun Dasantha"]
[Result "1-0"]
[BlackTitle "CM"]
[WhiteElo "1947"]
[BlackElo "1896"]
[WhiteTeam "South Korea 1"]
[BlackTeam "Sri Lanka"]
[WhiteFideId "13203088"]
[BlackFideId "9902805"]
[EventDate "2014.12.13"]

1. e4 c5 2. Nf3 d6 3. Bb5+ Bd7 4. Bxd7+ Qxd7 5. O-O Nf6 6. Re1 e6 7. c3 Nc6 8.
d4 cxd4 9. cxd4 d5 10. e5 Ne4 11. Nbd2 Nxd2 12. Bxd2 Be7 13. Rc1 O-O 14. Rc3 f6
15. Rd3 Rac8 16. a3 f5 17. Ng5 h6 18. Nh3 Kh7 19. Nf4 Bg5 20. h4 Bxf4 21. Bxf4
Na5 22. b3 b6 23. h5 Rc7 24. Rg3 Rfc8 25. Rg6 Nc6 26. Bxh6 Ne7 27. Rxg7+ Kxh6
28. Rf7 Rg8 29. Qd2+ Rg5 30. Rf6+ Kxh5 31. Re3 Ng6 32. Rh3+ Nh4 33. Rxh4+ Kxh4
34. Qf4+ Kh5 35. Qh2+ Kg4 36. f3# 1-0

[Event "World Youth U16 Olympiad"]
[Site "Gyor HUN"]
[Date "2014.12.14"]
[Round "3.24"]
[Board "3"]
[White "Herath, N N B"]
[Black "Nam, Ju Won"]
[Result "1-0"]
[WhiteElo "1743"]
[BlackElo "1435"]
[WhiteTeam "Sri Lanka"]
[BlackTeam "South Korea 1"]
[WhiteFideId "9914030"]
[BlackFideId "13203240"]
[EventDate "2014.12.13"]

1. Nf3 d5 2. c4 c6 3. b3 Bf5 4. Bb2 Nf6 5. g3 e6 6. Bg2 Nbd7 7. O-O Be7 8. d4
O-O 9. Nc3 Rc8 10. Nd2 Bb4 11. Re1 Bxc3 12. Bxc3 Ne4 13. Nxe4 Bxe4 14. f3 Bg6
15. e4 b5 16. cxb5 cxb5 17. Qd2 Nb6 18. Ba5 Qd7 19. Bf1 dxe4 20. fxe4 Qb7 21.
Qd3 a6 22. a4 bxa4 23. Qxa6 Qxa6 24. Bxa6 Ra8 25. Bxb6 Rxa6 26. Bc5 Rfa8 27. b4
Rb8 28. Ra3 f6 29. Kf2 f5 30. Rea1 fxe4 31. Rxa4 Rxa4 32. Rxa4 Rb5 33. Ra8+ Kf7
34. Rf8# 1-0

[Event "World Youth U16 Olympiad"]
[Site "Gyor HUN"]
[Date "2014.12.14"]
[Round "3.24"]
[Board "4"]
[White "Choi, Hyunhyo"]
[Black "Doluweera, Minul Sanjula"]
[Result "0-1"]
[BlackTitle "CM"]
[WhiteElo "1399"]
[BlackElo "2031"]
[WhiteTeam "South Korea 1"]
[BlackTeam "Sri Lanka"]
[WhiteFideId "13203185"]
[BlackFideId "9910760"]
[EventDate "2014.12.13"]

1. e4 c6 2. d4 d5 3. exd5 cxd5 4. Bd3 Nc6 5. c3 Nf6 6. Bf4 Bg4 7. Qb3 Qd7 8. Nd2
e6 9. Ngf3 Bxf3 10. Nxf3 Bd6 11. Bxd6 Qxd6 12. O-O O-O 13. Rae1 Rab8 14. h3 b5
15. Ne5 Na5 16. Qc2 g6 17. a3 Nc4 18. f4 a5 19. a4 Rfc8 20. Qe2 bxa4 21. Bxc4
dxc4 22. Nxc4 Qd5 23. Ne5 a3 24. c4 Qxd4+ 25. Kh1 axb2 26. Rb1 Ne4 27. Qc2 Ng3+
28. Kh2 Nxf1+ 29. Rxf1 b1=Q 30. Rxb1 Qxf4+ 0-1

[Event "World Youth U16 Olympiad"]
[Site "Gyor HUN"]
[Date "2014.12.14"]
[Round "3.25"]
[Board "1"]
[White "Loay, Sameer"]
[Black "Simon, Lili"]
[Result "1-0"]
[WhiteElo "1802"]
[BlackElo "1901"]
[WhiteTeam "Jordan"]
[BlackTeam "Hungary (Girls)"]
[WhiteFideId "8104239"]
[BlackFideId "712159"]
[EventDate "2014.12.13"]

1. e4 e5 2. Bc4 Nc6 3. Nf3 Bc5 4. O-O Nf6 5. d3 O-O 6. c3 d6 7. Nbd2 a6 8. Bb3
Ba7 9. h3 h6 10. Re1 Re8 11. Nf1 d5 12. Qe2 dxe4 13. dxe4 Qe7 14. Ng3 Rd8 15.
Nh4 Na5 16. Nhf5 Bxf5 17. Nxf5 Qe8 18. Qf3 Kh7 19. Nxh6 gxh6 20. Qxf6 Rd6 21.
Qf5+ Kg7 22. Be3 Rf6 23. Qh5 Bxe3 24. Rxe3 Nxb3 25. axb3 Rd8 26. Rd1 Rxd1+ 27.
Qxd1 Qc6 28. Qd5 Qxd5 29. exd5 Rf5 30. Re4 Kf6 31. Rc4 e4 32. Rxc7 Rxd5 33. Rxb7
Rd1+ 34. Kh2 Rd2 35. Kg3 Rxb2 36. Rb6+ Kg7 37. Rxa6 Rxb3 38. Rc6 Rb2 39. c4 Rc2
40. c5 Rc4 41. Rc8 Rc2 42. c6 Kf6 43. c7 Ke7 44. Rh8 Rxc7 45. Rxh6 Rc3+ 46. Kf4
Rc2 47. Ke3 f6 48. g4 Kf7 49. h4 Kg7 50. Rh5 Rc4 51. Rf5 Ra4 52. Rf4 Ra3+ 53.
Kxe4 Rh3 54. g5 fxg5 55. hxg5 Kg6 56. Rg4 Ra3 57. f4 Ra4+ 58. Kf3 Kf5 59. Kg3
Ra3+ 60. Kh4 Ra6 61. Kh5 Ra8 62. Kh4 Ra6 63. Rg1 Ra8 64. Rf1 Ra4 65. Kh5 Ra6 66.
Rc1 Kxf4 67. Rf1+ Ke5 68. g6 Ra2 69. g7 Rh2+ 70. Kg6 1-0

[Event "World Youth U16 Olympiad"]
[Site "Gyor HUN"]
[Date "2014.12.14"]
[Round "3.25"]
[Board "2"]
[White "Egyed, Judit"]
[Black "Al-Bashayra, Yazan"]
[Result "1-0"]
[WhiteElo "1914"]
[BlackElo "1780"]
[WhiteTeam "Hungary (Girls)"]
[BlackTeam "Jordan"]
[WhiteFideId "703664"]
[BlackFideId "8103879"]
[EventDate "2014.12.13"]

1. e4 c5 2. Nf3 Nc6 3. d4 cxd4 4. Nxd4 d6 5. Nc3 g6 6. Be3 Nf6 7. f3 Bg7 8. Bc4
Nxd4 9. Bxd4 O-O 10. Qd2 Be6 11. Bxe6 fxe6 12. O-O-O a6 13. h4 Rc8 14. g4 h6 15.
g5 hxg5 16. Qxg5 Qe8 17. Rdg1 Kh7 18. Be3 Nh5 19. Qg4 Qf7 20. Ne2 e5 21. Rh2 Bh6
22. Bxh6 Kxh6 23. Rhg2 Rg8 24. Kb1 Qc4 25. Nc3 Nf4 26. Rh2 Qf7 27. Qg5+ Kh7 28.
Nd5 Rce8 29. Ne3 Ne6 30. Qg2 Ref8 31. Rf1 Nf4 32. Qg4 Qe6 33. Qxe6 Nxe6 34. Nd5
Rf7 35. Rd2 Rgf8 36. Rdf2 Nf4 37. c4 Nxd5 38. cxd5 Rf4 39. Rc2 Rxe4 40. Rc7 Ref4
41. Rxe7+ R4f7 42. Re6 Rf6 43. Re7+ R8f7 44. Rxf7+ Rxf7 45. Kc2 Rf4 46. Kd3 Rxh4
47. Ke3 Rd4 48. Rc1 Rxd5 49. Rc7+ Kh6 50. Rxb7 Ra5 51. a3 Rb5 52. Rxb5 axb5 53.
b3 d5 54. a4 d4+ 55. Ke4 1-0

[Event "World Youth U16 Olympiad"]
[Site "Gyor HUN"]
[Date "2014.12.14"]
[Round "3.25"]
[Board "3"]
[White "Saif, Malek"]
[Black "Kovacs, Judit"]
[Result "1/2-1/2"]
[WhiteElo "1782"]
[BlackElo "1849"]
[WhiteTeam "Jordan"]
[BlackTeam "Hungary (Girls)"]
[WhiteFideId "8104220"]
[BlackFideId "769215"]
[EventDate "2014.12.13"]

1. e4 c5 2. Nf3 e6 3. d4 cxd4 4. Nxd4 a6 5. Nc3 Qc7 6. Be3 Nf6 7. a3 b5 8. Bd3
Bb7 9. f4 d6 10. O-O Be7 11. Qf3 Nbd7 12. Nb3 O-O 13. Qg3 Kh8 14. Rae1 e5 15.
Qh3 Nc5 16. Nxc5 dxc5 17. fxe5 Qxe5 18. Rf5 Qe6 19. e5 Nd7 20. Qxh7+ Kxh7 21.
Rh5+ Kg8 22. Bh7+ Kh8 23. Bg6+ Kg8 24. Bh7+ Kh8 25. Bg6+ Kg8 26. Bh7+ Kh8 27.
Bg6+ Kg8 28. Bh7+ Kh8 29. Bg6+ Kg8 30. Bh7+ Kh8 1/2-1/2

[Event "World Youth U16 Olympiad"]
[Site "Gyor HUN"]
[Date "2014.12.14"]
[Round "3.25"]
[Board "4"]
[White "Olle, Rebeka Sara"]
[Black "Thaer, Abu Alhaija"]
[Result "0-1"]
[WhiteElo "1827"]
[BlackElo "1487"]
[WhiteTeam "Hungary (Girls)"]
[BlackTeam "Jordan"]
[WhiteFideId "767018"]
[BlackFideId "8106215"]
[EventDate "2014.12.13"]

1. e4 e5 2. Nf3 Nc6 3. d4 exd4 4. Nxd4 Bc5 5. Be3 Qf6 6. Nb5 Bxe3 7. fxe3 Qh4+
8. g3 Qxe4 9. Nxc7+ Kd8 10. Nxa8 Qxh1 11. Qd6 Nf6 12. Nd2 Qxh2 13. O-O-O Qh5 14.
Qc7+ Ke7 15. Nc4 Qc5 16. Nd6 Qxe3+ 17. Kb1 Qe5 18. Bh3 Ne4 19. Nxc8+ Rxc8 20.
Rxd7+ Kf6 21. Qxe5+ Nxe5 22. Rd4 Rc4 23. Rxc4 Nxc4 24. g4 Nf2 25. Bg2 b6 26. b3
Ne3 27. c4 Nxg2 0-1

[Event "World Youth U16 Olympiad"]
[Site "Gyor HUN"]
[Date "2014.12.14"]
[Round "3.26"]
[Board "1"]
[White "Shi, Diwen"]
[Black "Essop, Hishaam"]
[Result "1-0"]
[WhiteTitle "CM"]
[WhiteElo "2147"]
[BlackElo "1749"]
[WhiteTeam "Canada 3"]
[BlackTeam "South Africa 1"]
[WhiteFideId "2609886"]
[BlackFideId "14306549"]
[EventDate "2014.12.13"]

1. e4 e5 2. Nf3 Nc6 3. Nc3 Nf6 4. Bb5 Bc5 5. Nxe5 Nxe5 6. d4 Bd6 7. f4 Bb4 8.
dxe5 Nxe4 9. Qd3 Nxc3 10. bxc3 Bc5 11. Be3 Bxe3 12. Qxe3 O-O 13. O-O Qe7 14. f5
Re8 15. Rae1 f6 16. Bc4+ Kh8 17. exf6 Qxe3+ 18. Rxe3 Rf8 19. fxg7+ Kxg7 20. Re7+
Kh8 21. f6 d5 22. Bxd5 Bg4 23. Be4 h5 24. h3 Be2 25. Rf2 Bd1 26. Rd2 Rad8 27.
Rxd8 Rxd8 28. Rh7+ Kg8 29. f7+ Kf8 30. Rh8+ Kxf7 31. Rxd8 Be2 32. Bxb7 Ke7 33.
Ra8 1-0

[Event "World Youth U16 Olympiad"]
[Site "Gyor HUN"]
[Date "2014.12.14"]
[Round "3.26"]
[Board "2"]
[White "Roos, Lucas"]
[Black "Gedajlovic, Max"]
[Result "0-1"]
[WhiteElo "1732"]
[BlackElo "2104"]
[WhiteTeam "South Africa 1"]
[BlackTeam "Canada 3"]
[WhiteFideId "14308673"]
[BlackFideId "2616840"]
[EventDate "2014.12.13"]

1. e4 c5 2. Nc3 Nc6 3. g3 g6 4. Bg2 Bg7 5. d3 d6 6. Nge2 e6 7. Be3 Nd4 8. Qd2
Ne7 9. O-O-O Qa5 10. Kb1 Nec6 11. Bh6 Bxh6 12. Qxh6 Bd7 13. h4 O-O-O 14. h5 b5
15. Nxd4 Nxd4 16. Qe3 Qb6 17. f4 b4 18. Ne2 Nb5 19. Ka1 Rhe8 20. hxg6 hxg6 21.
Rh7 Re7 22. Rdh1 Bc6 23. Rh8 Rde8 24. R1h7 Rxh8 25. Rxh8+ Kb7 26. Rf8 Qc7 27.
Bf3 Re8 28. Rxe8 Bxe8 29. f5 e5 30. Qh6 gxf5 31. exf5+ Bc6 32. Qh1 Bxf3 33.
Qxf3+ Qc6 34. Qe4 f6 35. g4 d5 36. Qh1 Nd6 37. Qh4 d4 38. Ng3 Qf3 39. b3 Kc6 40.
Kb2 e4 41. Nxe4 Nxe4 42. dxe4 Qc3+ 43. Kb1 d3 44. Qf2 d2 45. Qe2 c4 46. bxc4 Qd4
47. c3 d1=Q+ 0-1

[Event "World Youth U16 Olympiad"]
[Site "Gyor HUN"]
[Date "2014.12.14"]
[Round "3.26"]
[Board "3"]
[White "Cai, Jason"]
[Black "Berman, Jacob"]
[Result "1-0"]
[WhiteElo "1962"]
[BlackElo "1833"]
[WhiteTeam "Canada 3"]
[BlackTeam "South Africa 1"]
[WhiteFideId "2618133"]
[BlackFideId "2071010"]
[EventDate "2014.12.13"]

1. e4 e6 2. d4 d5 3. Nd2 Nf6 4. e5 Nfd7 5. c3 c5 6. Bd3 Nc6 7. Ne2 Qb6 8. Nf3
cxd4 9. cxd4 f6 10. exf6 Nxf6 11. O-O Bd6 12. b3 Bd7 13. Bf4 Bxf4 14. Nxf4 O-O
15. Re1 Rae8 16. g3 Nb4 17. Bb1 a5 18. h4 Qd6 19. Ne5 Bb5 20. h5 Nd7 21. h6 Nxe5
22. Rxe5 g6 23. Qg4 Rf6 24. Nxg6 hxg6 25. Bxg6 Re7 26. h7+ Kh8 27. Bf7 Qd8 28.
Qg8+ 1-0

[Event "World Youth U16 Olympiad"]
[Site "Gyor HUN"]
[Date "2014.12.14"]
[Round "3.26"]
[Board "4"]
[White "Modi, Sachin"]
[Black "Peng, Janet"]
[Result "1/2-1/2"]
[WhiteTitle "CM"]
[WhiteElo "1718"]
[BlackElo "1694"]
[WhiteTeam "South Africa 1"]
[BlackTeam "Canada 3"]
[WhiteFideId "14304589"]
[BlackFideId "2609827"]
[EventDate "2014.12.13"]

1. e4 e6 2. d3 d5 3. Nd2 Nf6 4. Ngf3 c5 5. g3 Nc6 6. Bg2 Be7 7. O-O O-O 8. Re1
Re8 9. e5 Nd7 10. Nf1 Qc7 11. Bf4 b6 12. h4 Bb7 13. N1h2 d4 14. h5 h6 15. Ng4
Rad8 16. Nh4 Bxh4 17. gxh4 Ne7 18. Bg3 Nf5 19. Qd2 Bxg2 20. Kxg2 Nxg3 21. fxg3
Qc6+ 22. Kh3 c4 23. Re4 Nc5 24. Rf4 Kf8 25. Raf1 Re7 26. Qf2 Qd7 27. Qd2 Qb5 28.
Qf2 Qd7 29. Rf6 Qb7 30. Rf3 cxd3 31. cxd3 Rdd7 32. Qd2 Rd8 33. Qf2 a5 34. Qd2 1/2-1/2

[Event "World Youth U16 Olympiad"]
[Site "Gyor HUN"]
[Date "2014.12.14"]
[Round "3.27"]
[Board "1"]
[White "Csuta, Akos Koppany"]
[Black "Giczi, Alexandra Laura"]
[Result "1-0"]
[WhiteElo "2027"]
[BlackElo "1424"]
[WhiteTeam "GyÃ¶r (Hungary)"]
[BlackTeam "Transdanubium 3"]
[WhiteFideId "760390"]
[BlackFideId "763780"]
[EventDate "2014.12.13"]

1. e4 e6 2. d4 d5 3. Nd2 c5 4. exd5 exd5 5. Ngf3 Bd6 6. dxc5 Bxc5 7. Nb3 Bb6 8.
Bb5+ Nc6 9. O-O Ne7 10. Nfd4 Bd7 11. Bg5 O-O 12. a4 h6 13. Bh4 Nxd4 14. Nxd4
Bxd4 15. Qxd4 Bxb5 16. Bxe7 Qxe7 17. axb5 Qg5 18. Rxa7 Rxa7 19. Qxa7 Qe7 20. Qd4
Rc8 21. Qd3 Rc5 22. b3 Qe8 23. b6 Qc6 24. Ra1 g6 25. Ra8+ Kg7 26. Qd4+ f6 27.
Qe3 h5 28. Qe7+ Kh6 29. h4 1-0

[Event "World Youth U16 Olympiad"]
[Site "Gyor HUN"]
[Date "2014.12.14"]
[Round "3.27"]
[Board "2"]
[White "Juhasz, Judit"]
[Black "Pesti, Mate"]
[Result "1-0"]
[WhiteElo "1668"]
[BlackElo "1649"]
[WhiteTeam "Transdanubium 3"]
[BlackTeam "GyÃ¶r (Hungary)"]
[WhiteFideId "768499"]
[BlackFideId "772194"]
[EventDate "2014.12.13"]

1. e4 c5 2. d3 Nc6 3. c3 g6 4. Nf3 Bg7 5. g3 Nf6 6. Bg2 O-O 7. O-O d5 8. Nbd2
Bg4 9. Qc2 dxe4 10. dxe4 Qd7 11. Re1 Rfd8 12. a3 Rac8 13. Rb1 a5 14. Qb3 Be6 15.
Qb5 c4 16. Bf1 Nb8 17. Qxa5 b5 18. Nd4 Rc5 19. e5 Ne8 20. f4 Rdc8 21. Ne4 Rd5
22. Be3 Qb7 23. Nxe6 fxe6 24. Qb6 Qxb6 25. Bxb6 Nd7 26. Be3 Nb8 27. Bh3 Rc6 28.
Ng5 Nc7 29. Bg2 h6 30. Bxd5 exd5 31. Nf3 e6 32. Nd4 Ra6 33. Nc2 Nd7 34. b3 Ra8
35. Red1 Bf8 36. bxc4 bxc4 37. Rb7 Rc8 38. a4 Nc5 39. Ra7 Ne4 40. Bd4 Nxc3 41.
Bxc3 Bc5+ 42. Bd4 Bxa7 43. Bxa7 Ra8 44. Bb6 Na6 45. a5 Nb8 46. Nd4 Kf7 47. Nb5
Nd7 48. Nd6+ Ke7 49. Rb1 Nxb6 50. axb6 Rb8 51. b7 Kd8 52. Kf2 Kc7 53. Ke3 h5 54.
Kd4 Kc6 55. Rb5 Kc7 56. Rc5+ Kb6 57. Rc8 Ka7 58. Kc5 Rxb7 59. Nxb7 Kxb7 60. Rc6
Ka7 61. Kd4 c3 62. Kxc3 1-0

[Event "World Youth U16 Olympiad"]
[Site "Gyor HUN"]
[Date "2014.12.14"]
[Round "3.27"]
[Board "3"]
[White "Kurcsics, Erika"]
[Black "Pal, Istvan"]
[Result "1-0"]
[WhiteElo "1803"]
[BlackElo "1406"]
[WhiteTeam "GyÃ¶r (Hungary)"]
[BlackTeam "Transdanubium 3"]
[WhiteFideId "713848"]
[BlackFideId "765090"]
[EventDate "2014.12.13"]

1. e4 c5 2. Nc3 Nc6 3. f4 g6 4. Nf3 Bg7 5. Bb5 e6 6. Bxc6 bxc6 7. O-O Ne7 8. d3
O-O 9. Be3 d6 10. Qe1 Qb6 11. Rb1 Qc7 12. Qh4 Re8 13. Ng5 h5 14. h3 f6 15. Nf3
Bd7 16. Qg3 Kh7 17. Qf2 Rf8 18. Qe2 Rab8 19. Rf2 a6 20. e5 Nf5 21. exd6 Qxd6 22.
Ne4 Qc7 23. Bxc5 Rf7 24. g4 hxg4 25. hxg4 Ne7 26. Bd6 Qc8 27. Bxb8 Qxb8 28. Nc5
Qc8 29. Nxd7 Qxd7 30. Rh2+ Kg8 31. Re1 Qd5 32. c4 Qd6 33. Qe3 Kf8 34. d4 Kg8 35.
Rhe2 Bh6 36. g5 Bg7 37. Qd2 fxg5 38. Rxe6 Qxf4 39. Qxf4 Rxf4 40. Rxe7 Rxf3 41.
Rd7 Rf4 42. Re8+ Bf8 43. Rc8 c5 44. dxc5 Rxc4 45. c6 Rc5 46. c7 Rxc7 47. Rdxc7
g4 48. Rd7 g3 49. Rdd8 Kf7 50. Rxf8+ Ke6 51. Rc6+ Ke5 52. Rxg6 a5 53. Rxg3 a4
54. Re3+ Kd4 55. Re7 Kd3 56. Rc7 Kd2 57. Rd8+ Ke3 58. Re7+ Kf4 59. Rf8+ Kg5 60.
Rg7+ Kh6 61. Rg2 Kh7 62. Rf3 Kh6 63. Rh3# 1-0